[Event "Munich SKA"]
[Site "Munich"]
[Date "1991.05.07"]
[Round "4"]
[White "Gelfand, Boris"]
[Black "Polgar, Zsuzsa"]
[Result "1/2-1/2"]
[WhiteElo "2700"]
[BlackElo "2510"]
[Annotator "Polgar,Zsu"]
[PlyCount "97"]
[EventDate "1991.05.04"]
[EventType "tourn"]
[EventRounds "13"]
[EventCountry "GER"]
[EventCategory "14"]
[Source "ChessBase"]
[SourceDate "1991.08.01"]

1. c4 {Ribli} e6 2. Nf3 d5 3. g3 Nf6 4. Bg2 dxc4 5. Qa4+ Bd7 $6 (5... Nbd7) 6.
Qxc4 Bc6 (6... c5 7. Ne5 Qb6 8. Nxd7 Nbxd7 9. Nc3 $16 {Ribli-Bonsch,Munchen
1990.}) 7. O-O Nbd7 8. Qc2 Bd6 $6 (8... Be7 9. d3 $14) (8... e5 {Ribli} 9. Nc3
Bc5 10. a3 a5 11. Rb1 a4 12. Ng5 Bxg2 13. Kxg2 $14 {Karpov,A-Sunye,N 
Amsterdam 1985  40/18}) 9. Nc3 O-O 10. a3 Nc5 $2 11. b4 $1 Nce4 (11... Ncd7 12.
e4 $18) 12. Nd1 $18 (12. Nb1 $5) (12. Bb2 $14 {Ribli}) 12... a5 $5 13. d3 (13.
Nd4 $18) 13... axb4 14. dxe4 Bxe4 15. Qb3 Bd5 16. Qd3 Qe7 17. Ne3 bxa3 18. Nxd5
exd5 19. Nd4 Ne4 20. Nb5 Bc5 21. Bxe4 (21. Bxa3 $2 Nxf2 $1 (21... c6 {Ribli}
22. Bxe4 dxe4 23. Qc3 $16) (21... Nxf2 22. Rxf2 Bxf2+ 23. Kxf2 Qf6+ 24. Bf3
Qxa1 25. Bxf8 Rxf8 26. Nxc7 $16)) 21... dxe4 22. Qc3 $6 (22. Qb3 $1 $18) 22...
Bb4 23. Qb3 (23. Qxc7 $2 Qxc7 24. Nxc7 Ra5) 23... Ra5 24. Nxc7 $1 Rh5 25. Bf4 (
25. Nd5 $2 Qe6 26. Qxb4 Qh3 27. Ne7+ Kh8 28. Ng6+ hxg6 29. Qxf8+ Kh7 $19) 25...
Bc5 (25... Qd7 $2 {Ribli} 26. Qxb4 Qh3 27. g4 $1 $18) 26. g4 Rh4 27. h3 h5 28.
Nd5 Qd8 29. Qg3 Qxd5 30. Qxh4 b5 31. Qxh5 $6 (31. Rfd1 $18) 31... Qxh5 32. gxh5
b4 33. Rfb1 $2 $138 (33. Rfc1 $1 Bd4 34. Ra2 Ra8 35. Bd6 $18) 33... Ra8 34. Ra2
(34. Be3 $1 $16 {Ribli} Bxe3 (34... Bd6 35. Bd4) 35. fxe3 Ra4 36. Kf2 f5 37.
Ke1 Kf7 38. Kd2 Ke6 39. Kc2 Kd5 40. Kb3 $18) 34... f6 35. Kf1 Kf7 36. Bd2 $6 (
36. Ke1) 36... Ra4 37. Ke1 Ke6 38. Kd1 Kd5 39. Kc2 Kc4 40. Be3 $6 Bxe3 $1 41.
fxe3 $10 Ra5 42. h4 $1 (42. Rb3 Rc5 43. Rb1 Kb5+ 44. Kd2 Ka4 $19) 42... Ra6 $1
(42... Rxh5 $2 43. Kc1 $1 $18) (42... Rc5 43. Kd2 Rd5+ 44. Kc1 $1 $18) 43. Raa1
(43. Rc1 b3+ 44. Kb1+ Kb4 45. Rd2 b2 46. Rc8 $2 (46. Rxb2+ axb2 47. Kxb2 Ra5
48. Rc7 Rxh5 49. Rxg7 Rxh4 $10) 46... a2+ $19) 43... Ra5 44. Rb3 (44. Rc1 $2
b3+ 45. Kd2+ Kb4 $19) (44. Ra2 $10) 44... Rc5 $1 45. Rab1 (45. Rc1 $2 Kb5+ 46.
Kd2 (46. Kb1 a2+ $19) 46... Rxc1 47. Kxc1 Ka4 48. Rb1 a2 49. Ra1 Ka3 $19) 45...
Kb5+ 46. Kd2 a2 $1 47. Rxb4+ (47. Ra1 Ka4 48. Rxb4+ Kxb4 49. Rxa2 $10) 47...
Ka5 48. h6 gxh6 49. Rb8 1/2-1/2

[Event "Munich SKA"]
[Site "Munich"]
[Date "1991.05.12"]
[Round "8"]
[White "Nunn, John DM"]
[Black "Polgar, Zsuzsa"]
[Result "1-0"]
[WhiteElo "2600"]
[BlackElo "2510"]
[Annotator "Blatny,P"]
[PlyCount "119"]
[EventDate "1991.05.04"]
[EventType "tourn"]
[EventRounds "13"]
[EventCountry "GER"]
[EventCategory "14"]
[Source "ChessBase"]
[SourceDate "1991.08.01"]

1. e4 {Hansen,Cu} c5 2. Nf3 Nc6 3. d4 cxd4 4. Nxd4 Nf6 5. Nc3 e5 6. Ndb5 d6 7.
Bg5 a6 8. Na3 b5 9. Bxf6 gxf6 10. Nd5 f5 11. Bd3 Be6 12. O-O Bxd5 $5 13. exd5
Ne7 14. Nxb5 $5 (14. c4 $5 Bg7 {/\e4} 15. Qd2 e4 16. Be2 bxc4 17. Nxc4 O-O 18.
Rad1 Rb8 19. Qf4 Bxb2 $2 20. f3 $44 {Minasian-Krasenkov,Baku 1979}) (14. Qh5 {
Kuzmin} e4 15. Be2 Bg7 16. c3 O-O 17. Nc2 f4 $13) 14... Bg7 $1 15. Nc3 e4 16.
Bc4 (16. Be2 O-O {/\Qb6}) 16... Ng6 $5 (16... Qc7 17. Bb3 Bxc3 18. bxc3 Qxc3
19. Re1 O-O 20. Qh5 Kh8 21. Rad1 Qf6 22. f3 Rg8 23. fxe4 Rg5 24. Qh3 Rag8 25.
Rd2 f4 $1 $36 {Ostos-Kouatly,Malta 1980}) 17. Qh5 Bxc3 18. bxc3 Qf6 19. f4 O-O
20. Bb3 Rfc8 21. g4 fxg4 (21... Rxc3 $5 {Hansen,Cu} 22. gxf5 Nh4 (22... Ne7 $2
23. Qg5+ $16) 23. Qg5+ Qxg5+ 24. fxg5 Re8) 22. Qxg4 Kh8 23. Kh1 a5 (23... Rxc3
{Hansen,Cu}) 24. Rae1 Rg8 (24... a4 {Hansen,Cu} 25. Bxa4 Rxa4 26. Qxc8+) 25.
Rxe4 Nh4 26. Qh3 Nf5 27. Bc4 Rg6 28. Rg1 Rag8 29. Ree1 Rh6 30. Rxg8+ Kxg8 31.
Qg4+ Rg6 32. Qf3 Nh4 33. Qf2 Kf8 34. Bd3 Rg4 35. Rf1 Ng6 36. Bxg6 hxg6 37. Qd4
Kg7 38. Rf3 Rh4 39. Kg2 Rh5 40. f5 Rh4 41. fxg6 $1 Qxd4 (41... Rxd4 42. Rxf6
Rd2+ 43. Rf2 Rxf2+ 44. Kxf2 Kxg6 45. c4 Kf5 46. c5 $18) 42. cxd4 Kxg6 43. c3 f5
44. Re3 Kg5 45. Re6 Rg4+ 46. Kf3 Rh4 47. Rxd6 Rh3+ 48. Ke2 Rxc3 49. Re6 Rh3 50.
d6 Rxh2+ 51. Kd3 Rh8 52. d7 Rd8 53. Rd6 f4 54. Ke4 Kg4 55. Rg6+ Kh5 56. Rg7 Kh6
57. Re7 Kg6 58. d5 Kf6 59. d6 Kg5 60. a4 1-0

[Event "Munich SKA"]
[Site "Munich"]
[Date "1991.05.14"]
[Round "9"]
[White "Polgar, Zsuzsa"]
[Black "Kindermann, Stefan"]
[Result "1-0"]
[WhiteElo "2510"]
[BlackElo "2515"]
[Annotator "Polgar,Zsu"]
[PlyCount "121"]
[EventDate "1991.05.04"]
[EventType "tourn"]
[EventRounds "13"]
[EventCountry "GER"]
[EventCategory "14"]
[Source "ChessBase"]
[SourceDate "1991.08.01"]

1. Nf3 {Wahls} Nf6 2. c4 g6 3. Nc3 Bg7 4. e4 d6 5. d4 O-O 6. Be2 e5 7. O-O Na6
8. Be3 Ng4 (8... c6 {-50/647.}) 9. Bg5 Qe8 (9... f6 {-50/648,649}) 10. dxe5
dxe5 11. h3 h6 (11... Nf6 $6 12. Nd5 $16) 12. Bd2 Nf6 13. Be3 Nd7 (13... Nh5
14. c5 Nf4 15. Bxa6 bxa6 16. Nd5 Nxd5 17. Qxd5 Be6 (17... Rb8 18. Qd2 Kh7 19.
Qc3 Qb5 20. b3 Bb7 21. Nxe5 Qe8 $1 22. Bd4 Rd8 23. f4 Bxe4 $10 {Neverov-Glek
Odessa 1989.}) 18. Qd2 $16 {Miles-Timoschenko,G Moscow 1989-47/735.}) 14. a3
Nac5 {N} (14... c6 15. b4 f5 16. c5 f4 17. Bc1 g5 18. Nd2 Nc7 19. Nc4 Nf6 20.
Bb2 Be6 21. Nxe5 Bxh3 22. Nc4 Be6 23. e5 $16 {Van Wely-Piket M. Amsterdam 1990.
}) (14... c6 {Wahls}) 15. b4 Ne6 16. c5 (16. Nb5 $6 b6 (16... a6 $2 17. Na7 $16
) 17. Qd5 Rb8 18. Nxa7 $2 Bb7 19. Qd3 Nf4 $17) 16... c6 (16... f5 $5) 17. Bc4
$1 (17. Nd2 f5 $13) 17... Qe7 (17... f5 18. Qd6 $16) 18. Qd2 Kh7 19. Rfd1 Re8 (
19... f5 {Wahls} 20. Qd6) 20. Qc2 $1 Ndf8 21. Rd6 Nf4 (21... g5 $2 22. Nd5 $1
$16) 22. Rad1 (22. b5 $1) 22... N8e6 23. Kh2 $6 (23. b5 $1) 23... Qf6 (23...
Ng5 $5 24. Ng1) 24. b5 $1 Bf8 (24... Nxh3 $2 25. bxc6 bxc6 26. Rxc6 $18) 25.
bxc6 bxc6 (25... Bxd6 26. cxd6 bxc6 27. d7 $18) 26. Rxc6 Bb7 27. Rxe6 fxe6 (
27... Nxe6 28. Bd5 $1 Bxd5 29. Nxd5 $146 (29. exd5 Nxc5 30. Bxc5 Bxc5 31. Ne4
Qf4+ $17)) 28. Qa4 (28. Bb5 $5) 28... Rad8 29. Rb1 Bc8 30. Qxa7+ Bg7 31. c6 Rf8
32. Ne1 g5 33. g3 Qg6 $6 $138 34. Bf1 $138 (34. gxf4 $1 exf4 (34... gxf4 35.
Bb6 $18) 35. Bb6 Rf7 36. Qa5 $18) 34... g4 35. h4 (35. gxf4) 35... Nh3 36. Bxh3
gxh3 37. Kxh3 Rf7 38. Qb6 Rdf8 39. a4 h5 40. Rb2 Bh6 41. Bxh6 (41. Bc5 $2 Rg8)
41... Qxh6 42. Rc2 Qg7 43. Qe3 Ba6 44. Kg2 (44. Nb5 Qg4+ 45. Kg2 Qd1) 44... Qg4
45. Qg5 $1 Qxg5 46. hxg5 Bc4 (46... Rb8 47. Nb5 $18) 47. Nb5 $1 Bb3 48. Rb2
Bxa4 49. Nd3 Rg7 (49... Rb8 50. c7 $18) 50. Nxe5 Rb8 (50... Rxg5 51. Nd7 Ra8
52. Nd4 e5 53. Ne6 $18) 51. c7 Rxc7 52. Nxc7 Rxb2 53. Nxe6 Bc2 54. Kf3 Bd1+ 55.
Kg2 Bc2 56. Nc5 Rb5 57. Ned7 Kg6 58. f4 Rb2 59. Kh3 Bd1 60. Ne5+ Kh7 61. Ncd7
1-0

[Event "Munich SKA"]
[Site "Munich"]
[Date "1991.05.19"]
[Round "13"]
[White "Lobron, Eric"]
[Black "Polgar, Zsuzsa"]
[Result "1-0"]
[WhiteElo "2545"]
[BlackElo "2510"]
[Annotator "Ftacnik,L"]
[PlyCount "73"]
[EventDate "1991.05.04"]
[EventType "tourn"]
[EventRounds "13"]
[EventCountry "GER"]
[EventCategory "14"]
[Source "ChessBase"]
[SourceDate "1991.08.01"]

1. d4 d5 2. c4 dxc4 3. e4 c5 4. d5 Nf6 5. Nc3 e6 6. Nf3 exd5 7. e5 Nfd7 8. Bg5
Be7 9. Bxe7 Qxe7 10. Nxd5 Qd8 11. Qc2 Nxe5 12. Qe4 Be6 13. Qxe5 Qxd5 14. Qxg7
Rf8 15. Rd1 Qe4+ 16. Be2 Nd7 17. Ng5 Qg6 18. Nxe6 Qxe6 19. O-O $1 {N} (19. Qg5
f6 20. Qh5+ Rf7 21. O-O O-O-O 22. Rd6 Qxd6 23. Qxf7 Ne5 24. Qxh7 Qe6 25. Qe4
Rd4 $13 {Piket,J-Vladimirov,E/Rotterdam EU-Cup/1988/ ->CBM 09}) (19. Qxh7 O-O-O
20. Qc2 Rfe8 21. h4 Ne5 22. Rxd8+ Rxd8 23. Rh3 Nd3+ $15 {Van der Sterren,
P-Polgar,Zsu/Wijk aan Zee/1990/ ->CBM 17}) 19... O-O-O 20. Bg4 f5 $8 (20... Qe7
21. Rfe1 $18) 21. Bh3 Nf6 (21... Rf7 22. Qg5 Qg6 23. Qf4 $14) 22. Qh6 Rfe8 (
22... Rg8 23. Rfe1 Rxd1 24. Rxd1 $14) 23. g3 Rxd1 24. Rxd1 Kc7 $6 25. Qf4+ Qe5
26. Qxc4 (26. Qxf5 Qxb2 $5) 26... Kb8 27. Qb3 Ne4 (27... Re7 $16) 28. Rd5 $1
Qe7 29. Qe3 (29. Bxf5 Nxf2 $132) 29... Qg5 30. Qxg5 Nxg5 31. Bxf5 $18 Nf3+ 32.
Kg2 Ne1+ 33. Kf1 c4 34. Bxh7 Nf3 35. h4 Kc7 36. h5 Kc6 37. Rf5 {Ftacnik,L} 1-0

[Event "Brno Morava-A"]
[Site "Brno"]
[Date "1991.??.??"]
[Round "1"]
[White "Mokry, Karel"]
[Black "Polgar, Zsuzsa"]
[Result "0-1"]
[WhiteElo "2525"]
[BlackElo "2535"]
[Annotator "Boensch,U"]
[PlyCount "70"]
[EventDate "1991.09.??"]
[EventType "tourn"]
[EventRounds "9"]
[EventCountry "CSR"]
[EventCategory "13"]
[Source "ChessBase"]
[SourceDate "1992.02.01"]

1. e4 {Polgar,Zsu} c5 2. Nf3 d6 3. d4 cxd4 4. Nxd4 Nf6 5. Nc3 a6 6. Be2 e6 7.
f4 Be7 8. O-O O-O 9. Kh1 Nc6 10. Nxc6 (10. Be3 {Polgar,Zsu} Qc7 11. a4) 10...
bxc6 11. Bf3 Qc7 12. Na4 Bb7 (12... a5 $1 {Polgar,Zsu} 13. Be3 (13. c4 Ba6 14.
b3 d5 $15 {Hjartarson,J-Timman,J/Reykjavik/1987/1/2-1/2/27/}) 13... Ba6 14. Rf2
d5 15. Rd2 Rfe8 16. e5 Nd7 17. Rc1 Rad8 18. Be2 Bxe2 19. Qxe2 c5 20. c4 d4 21.
Bf2 f6 $15 {Zapata,A-Stohl,I/Manila izt/1990/}) 13. c4 c5 14. Qe2 {N} (14. Nc3
Nd7 15. Be3 Bc6 (15... Nb8 $5) (15... Nb8 {Polgar,Zsu} 16. Qd2 Nc6 17. Rad1
Rfd8 18. Qf2 Rab8 $13 {Wahls,M-Yudasin,L/München/1991/}) 16. Qc2 Rfd8 17. Rad1
Bf6 18. Rd3 Bxc3 19. Rxc3 Nf6 20. Bf2 $16 {van der Wiel,J-Polugaevsky,L Biel 
(izt) 1985}) (14. Qc2 Nd7 15. Be3 Nb8 16. Rae1 Nc6 17. e5 dxe5 18. fxe5 Rad8
19. Qc3 Nd4 $15 {Brunner,L-Hulak,K BL 1989/90}) 14... Nd7 15. Be3 (15. g4 $5 {
Polgar,Zsu}) 15... Rad8 (15... Nb8 $6 {Polgar,Zsu} 16. e5 $1 $14) 16. a3 $2 (
16. Nc3) (16. Rad1) (16. Rad1 {Polgar,Zsu} Nb8 17. Nc3 Nc6 18. Qf2 $13) 16...
Bf6 17. Rfd1 (17. Rad1 $142 {Polgar,Zsu  Besser} Nb6 18. Nc3 (18. Nxb6 $1 Qxb6
19. Rd2 a5 $10) 18... Bxc3 $1 19. bxc3 a5 $17 {/\ Ba6}) 17... a5 (17... Nb6 $5
{Polgar,Zsu} 18. Nxb6 Qxb6 19. Rab1 Qb3) 18. Rd3 (18. Rab1 $142 {Polgar,Zsu 
Besser} Bc6 19. Qc2) 18... Bc6 19. Nc3 (19. Qc2 {Polgar,Zsu} Bxa4) 19... Nb6 $1
$17 {xc4} 20. Nb5 (20. b3 a4 $17) (20. Rd2 Bxc3 21. bxc3 f6 $17 {/\ e5} (21...
Qb7 $15 {Polgar,Zsu  /\ 22...Qa6})) 20... Qb8 21. e5 (21. Rd2 Nxc4 $19) (21.
Rc1 $2 {Polgar,Zsu} Nxc4 $19) 21... Bxf3 22. gxf3 $6 (22. Qxf3 dxe5 23. Rxd8 (
23. Bxc5 $1 Rxd3 24. Qxd3 Rd8 25. Bd6 e4 (25... Qb7 $15) 26. Bxb8 Rxd3 (26...
exd3 27. Bc7 $16) 27. c5 $13 Nd7 $2 28. c6 $16) 23... Rxd8 24. Bxc5 Nxc4 $19)
22... dxe5 23. Bxc5 Rxd3 24. Qxd3 (24. Bxf8 Rb3 25. Bd6 Qb7 $17) 24... Rd8 25.
Bd6 Qb7 (25... exf4 $2 {Polgar,Zsu} 26. Bxb8 Rxd3 27. c5 $18) 26. c5 (26. fxe5
Bxe5) 26... Nc8 (26... Na4 {Polgar,Zsu} 27. Rc1 Nxb2 28. Qe2 $44) 27. fxe5 (27.
Rc1 {Polgar,Zsu} Nxd6 28. cxd6 exf4 $17) 27... Bxe5 28. a4 Nxd6 29. cxd6 Rxd6
$1 30. Qe2 (30. Nxd6 Qxb2 $19) 30... Rd5 31. Rc1 g6 32. b3 Bf4 33. Rd1 Rh5 34.
Rd8+ Kg7 35. Nd6 Qxb3 0-1

[Event "Brno Morava-A"]
[Site "Brno"]
[Date "1991.??.??"]
[Round "5"]
[White "Polgar, Zsuzsa"]
[Black "Dautov, Rustem"]
[Result "1/2-1/2"]
[WhiteElo "2535"]
[BlackElo "2595"]
[PlyCount "32"]
[EventDate "1991.09.??"]
[EventType "tourn"]
[EventRounds "9"]
[EventCountry "CSR"]
[EventCategory "13"]
[Source "ChessBase"]
[SourceDate "1992.02.01"]

1. d4 Nf6 2. Nf3 e6 3. c4 b6 4. e3 Bb7 5. Bd3 d5 6. O-O Bd6 7. Nc3 Nbd7 8. b3
O-O 9. Bb2 a6 10. Rc1 Qe7 11. Na4 dxc4 12. bxc4 Ne4 13. Qe2 f5 14. Rfd1 Ng5 15.
Nxg5 Qxg5 16. f4 Qe7 1/2-1/2

[Event "Brno Morava-A"]
[Site "Brno"]
[Date "1991.??.??"]
[Round "9"]
[White "Polgar, Zsuzsa"]
[Black "Stohl, Igor"]
[Result "1/2-1/2"]
[WhiteElo "2535"]
[BlackElo "2555"]
[PlyCount "31"]
[EventDate "1991.09.??"]
[EventType "tourn"]
[EventRounds "9"]
[EventCountry "CSR"]
[EventCategory "13"]
[Source "ChessBase"]
[SourceDate "1992.02.01"]

1. Nf3 Nf6 2. c4 b6 3. g3 Bb7 4. Bg2 c5 5. Nc3 g6 6. O-O Bg7 7. d4 cxd4 8. Qxd4
d6 9. Rd1 Nbd7 10. b3 O-O 11. Bb2 Rc8 12. Rac1 Rc5 13. Qd2 Qa8 14. Ne1 Bxg2 15.
Nxg2 Ne4 16. Nxe4 1/2-1/2

[Event "Rubinstein Memorial"]
[Site "Polanica Zdroj"]
[Date "1991.??.??"]
[Round "4"]
[White "Mainka, Romuald"]
[Black "Polgar, Zsuzsa"]
[Result "1/2-1/2"]
[WhiteElo "2445"]
[BlackElo "2535"]
[PlyCount "25"]
[EventDate "1991.09.??"]
[EventType "tourn"]
[EventRounds "11"]
[EventCountry "POL"]
[EventCategory "11"]
[Source "ChessBase"]
[SourceDate "1992.02.01"]

1. e4 c5 2. Nf3 g6 3. d4 Bg7 4. d5 d6 5. Nc3 Nf6 6. Bb5+ Bd7 7. a4 O-O 8. O-O
Na6 9. Re1 Bg4 10. h3 Bxf3 11. Qxf3 Nd7 12. Qe2 Nc7 13. Bc4 1/2-1/2

[Event "Rubinstein Memorial"]
[Site "Polanica Zdroj"]
[Date "1991.??.??"]
[Round "6"]
[White "Dolmatov, Sergey"]
[Black "Polgar, Zsuzsa"]
[Result "1-0"]
[WhiteElo "2605"]
[BlackElo "2535"]
[Annotator "Blatny,P"]
[PlyCount "141"]
[EventDate "1991.09.??"]
[EventType "tourn"]
[EventRounds "11"]
[EventCountry "POL"]
[EventCategory "11"]
[Source "ChessBase"]
[SourceDate "1992.02.01"]

1. e4 c5 2. Nf3 Nc6 3. d4 cxd4 4. Nxd4 e6 5. Nc3 Qc7 6. Be2 a6 7. O-O Nf6 8.
Be3 Bb4 9. Na4 O-O 10. Nxc6 bxc6 11. f4 Rb8 (11... Be7 12. Bf3 d5 13. e5 Nd7
14. c4 $14 {()}) 12. Bd3 d5 13. e5 Nd7 14. c4 Be7 (14... dxc4 $142 15. Bxc4 Be7
16. Qc2 {/\Rac1,Bd3 -> ><c6}) 15. Qc2 h6 (15... g6 16. cxd5 exd5 17. e6 fxe6
18. Bxg6 hxg6 19. Qxg6+ Kh8 20. Rf3 {/\Rh3#}) 16. cxd5 exd5 17. Rac1 Bb7 (17...
c5 18. Nxc5 Nxc5 19. Bxc5 Bxc5+ 20. Qxc5 Qxc5+ 21. Rxc5 Rxb2 22. Rf2 Rxf2 (
22... Rb6 23. Rxd5 Be6 24. Rd4 {/\Rd2+- _|_}) 23. Kxf2 Rd8 $8 24. Ke3 $1 d4+
25. Kd2 Be6 26. Bc4 $1 Bxc4 27. Rxc4 Rb8 28. Kc2 $1 Rd8 29. g3 $1 {+/-/+- קd4,
a6,Kg8}) 18. Bf5 a5 19. e6 fxe6 (19... Nf6 20. exf7+ Kxf7 (20... Kh8 21. Be6
$16) 21. Bb6 Qd6 22. Bc5 Qc7 23. Bxe7 Kxe7 (23... Qxe7 24. Rce1 $18) 24. Rce1+
Kd8 $8 25. Nc5 Qb6 26. Kh1 $18) 20. Bxe6+ Kh8 21. Bxd5 Nf6 22. Bf3 Bd6 23. Nc5
{/\ Nb7,Qc6 +-} Bc8 (23... Bxf4 24. Bxf4 Qxf4 25. Nxb7 Rxb7 26. Bxc6 Qd4+ 27.
Qf2 $1 Qxf2+ 28. Rxf2 Rc7 29. Rfc2 $18 {B>N _|_}) 24. g3 Bg4 25. Bxg4 {><h3,g2,
f3} (25. Bg2 $142 Nd5 26. Bf2 Bf5 27. Qd2 $16) 25... Nxg4 26. Bd4 Bxc5 27. Qxc5
Rbd8 28. Bc3 Qf7 29. Rcd1 (29. Qxc6 $2 Qh5 $132) 29... Rfe8 30. Rxd8 Rxd8 31.
Re1 Re8 32. Rxe8+ Qxe8 33. h3 Nf6 34. Qe5 Qd7 35. Kg2 a4 36. a3 Qd3 37. g4 Qc2+
38. Kg1 Qd1+ 39. Kg2 Qc2+ 40. Kg1 Qd1+ 41. Qe1 Qf3 42. Bxf6 gxf6 43. f5 Qxh3
44. Qe8+ Kg7 45. Qg6+ Kh8 46. Qxf6+ Kh7 47. Qe7+ Kh8 48. Qe5+ Kh7 49. Qc7+ (49.
Qe4 $142 {[+] /\f6+}) 49... Kg8 50. Qd8+ Kf7 51. Qd7+ Kf6 52. Qxc6+ Kg5 53. Qe4
Qb3 54. Qe2 Qg3+ 55. Kf1 Qf4+ 56. Kg2 Qc1 57. Kh2 Kh4 58. Kg2 Kg5 59. Kf2 Kh4
60. Kf3 Qc5 61. Qe4 Qc1 62. Qe7+ Kh3 63. Qe2 Qc6+ 64. Qe4 Qc1 65. Qd4 Qf1+ 66.
Ke4 Kh4 67. Qf6+ Kg3 68. Qd6+ Kg2 69. Qd2+ Kg1 70. Qd4+ Kh1 71. Ke5 1-0

[Event "Rubinstein Memorial"]
[Site "Polanica Zdroj"]
[Date "1991.??.??"]
[Round "7"]
[White "Polgar, Zsuzsa"]
[Black "Lautier, Joel"]
[Result "0-1"]
[WhiteElo "2535"]
[BlackElo "2560"]
[PlyCount "120"]
[EventDate "1991.09.??"]
[EventType "tourn"]
[EventRounds "11"]
[EventCountry "POL"]
[EventCategory "11"]
[Source "ChessBase"]
[SourceDate "1992.02.01"]

1. Nf3 Nf6 2. c4 e6 3. g3 c5 4. Nc3 d5 5. cxd5 Nxd5 6. Bg2 Nc6 7. O-O Be7 8. d4
O-O 9. Nxd5 exd5 10. dxc5 Bxc5 11. Bg5 Qb6 12. Rc1 d4 13. Nd2 Re8 14. Nb3 Bf8
15. Re1 h6 16. Bf4 Bg4 17. h3 Be6 18. Bxc6 bxc6 19. Qxd4 Bxh3 20. Be3 Be6 21.
Qc3 Qa6 22. a3 Bd5 23. Nd4 Qc8 24. Nf3 Qh3 25. Red1 Bd6 26. Rxd5 cxd5 27. Rd1
Rac8 28. Qd3 Bc5 29. Bxc5 Rxc5 30. b4 Rcc8 31. b5 Qg4 32. Nd4 Rc4 33. Kg2 Ra4
34. f3 Qd7 35. Nc6 a6 36. Qxd5 Qxd5 37. Rxd5 axb5 38. e4 Rxa3 39. Rxb5 Ra2+ 40.
Kh3 Rf2 41. Kg4 Re6 42. Nd4 Rd6 43. Nf5 h5+ 44. Kf4 Rd3 45. Nh4 g6 46. Rb7 Ra2
47. g4 Ra5 48. g5 Rd2 49. Rb1 Kg7 50. Rg1 Raa2 51. Kg3 Ra5 52. Kf4 Rda2 53. Rg3
R5a3 54. Rh3 Kf8 55. Kg3 Re2 56. Kf4 Ra1 57. Kg3 Rg1+ 58. Kf4 Ke7 59. Rg3 Rh1
60. Ng2 Rh2 0-1

[Event "Rubinstein Memorial"]
[Site "Polanica Zdroj"]
[Date "1991.??.??"]
[Round "10"]
[White "Polgar, Zsuzsa"]
[Black "Lau, Ralf"]
[Result "1-0"]
[WhiteElo "2535"]
[BlackElo "2500"]
[Annotator "Polgar,Zsu"]
[PlyCount "59"]
[EventDate "1991.09.??"]
[EventType "tourn"]
[EventRounds "11"]
[EventCountry "POL"]
[EventCategory "11"]
[Source "ChessBase"]
[SourceDate "1992.02.01"]

1. d4 {Ftacnik} d5 2. c4 e6 3. Nc3 Be7 4. Nf3 Nf6 5. Bg5 h6 6. Bh4 O-O 7. e3 b6
8. Qc2 Bb7 9. Bxf6 (9. Rd1) 9... Bxf6 10. cxd5 exd5 11. O-O-O (11. g4 c5 12.
O-O-O cxd4 13. exd4 Nc6 14. h4 g6 15. g5 hxg5 16. hxg5 Bxg5+ 17. Kb1 Bf6 (17...
Kg7 18. a3 Bf6 19. Rg1 Rh8 20. Bd3 Rh6 21. Ne2 $44 {Tisdall,J-Olafsson,H/Espoo
zt/1989/}) 18. Bd3 $1 Nb4 (18... Bg7 19. Rdg1 Qf6 20. Nxd5 Qxf3 21. Be4 $18)
19. Bxg6 $1 Nxc2 20. Bh7+ Kg7 (20... Kh8 $5 21. Bxc2+ Kg8 22. Rdg1+ Bg7 23.
Bh7+ $10 (23. Rh7 Qf6 $1 $17)) 21. Rdg1+ Bg5 22. Nxg5 Kf6 23. Rh6+ Ke7 24. Bxc2
Qd7 25. Re1+ $44 {Bellon Lopez,J-Georgiev,Ki/Tarrassa/1990/1-0/38/}) 11... Nd7
$6 (11... Nc6) (11... c5 $5 {Ftacnik}) 12. h4 c5 (12... g6 $2 13. h5 g5 $1 14.
Qf5 {/\ Bd3 +/-} (14. Qf5 {Ftacnik} c5 15. Bd3 $16)) 13. g4 cxd4 14. exd4 Qc7 (
14... g6 15. g5 hxg5 16. h5 $16) 15. Kb1 Qf4 16. Be2 Be7 (16... Qxg4 $4 17. Ne5
Qe6 18. Bg4 $18) 17. g5 h5 18. Ng1 $3 {N} (18. Rh3 Rac8 (18... a6 $13) (18...
a6 $13 {Ftacnik}) 19. Bb5 Qd6 20. Rg3 a6 21. Bxd7 Qxd7 22. Ne5 Qe6 23. f4 g6
24. Rf1 $36 {Dubinin-Kotov/Mocow/1936/}) 18... g6 (18... Qxf2 19. Nh3 Qxh4 20.
Bxh5 $1 $18 (20. Bxh5 $1 {Ftacnik} Qxh5 21. Nf4 $18)) 19. Nh3 Qd6 (19... Qxh4
20. f4 $18 (20. f4 {Ftacnik} Qg3 21. Bd3 $18)) 20. f4 a6 21. f5 Rfe8 (21... b5
22. a3) 22. Rdf1 Nf8 23. Nf4 Bd8 24. Bd3 Kg7 25. fxg6 (25. f6+ Kh8 (25... Kg8
$2 26. Nxg6 $1 $18) 26. Bxg6 fxg6 27. Rhg1 $18 (27. Nxg6+ $18 {Ftacnik})) 25...
fxg6 26. Bxg6 $1 Nxg6 27. Nxh5+ Kh8 (27... Kh7 28. Rf7+ Kh8 29. Nf6 $18 (29.
Nf6 {Ftacnik} Bxf6 30. Qxg6 $18)) 28. Nf6 Re4 (28... Bxf6 29. Rxf6 $18) (28...
Rg8 29. Nxg8 Kxg8 30. Rf6 $1 Bxf6 31. Qxg6+ $18) 29. Ncxe4 dxe4 30. Qd1 $1 (30.
Qd1 Nf4 31. Rxf4 Qxf4 32. Qh5+ Kg7 33. Qh7+ Kf8 34. Qg8+ Ke7 35. Qe8+ Kd6 36.
Qd7#) 1-0

[Event "Rubinstein Memorial"]
[Site "Polanica Zdroj"]
[Date "1991.??.??"]
[Round "11"]
[White "Gdanski, Jacek"]
[Black "Polgar, Zsuzsa"]
[Result "0-1"]
[WhiteElo "2430"]
[BlackElo "2535"]
[PlyCount "108"]
[EventDate "1991.09.??"]
[EventType "tourn"]
[EventRounds "11"]
[EventCountry "POL"]
[EventCategory "11"]
[Source "ChessBase"]
[SourceDate "1992.02.01"]

1. e4 c5 2. Nf3 Nc6 3. Bb5 e6 4. Bxc6 bxc6 5. O-O Ne7 6. b3 Ng6 7. Bb2 f6 8. d4
cxd4 9. Nxd4 e5 10. Nf5 d5 11. Qh5 Be6 12. Nc3 Qc8 13. Rad1 dxe4 14. g4 Qc7 15.
Nxe4 Bd5 16. Nfg3 O-O-O 17. Qf5+ Kb8 18. Qf3 Nh4 19. Qe2 h5 20. f3 Qb6+ 21. Kh1
hxg4 22. fxg4 Ng6 23. c4 Nf4 24. Qf3 Bxe4 25. Nxe4 Rh3 26. Ng3 Bd6 27. Rd2 Rdh8
28. Re1 Rxg3 29. Qxg3 Rh3 30. Qg1 Bc5 31. Qf1 Bb4 32. c5 Qc7 33. Bc1 Bxd2 34.
Bxd2 Nd3 35. Be3 Nxe1 36. Qxh3 Qd7 37. Kg1 Kb7 38. Bf2 Qd1 39. Bxe1 Qxe1+ 40.
Kg2 Qd2+ 41. Kg1 Qc1+ 42. Kg2 Qc2+ 43. Kf1 Qb1+ 44. Ke2 Qxa2+ 45. Kd1 Qb1+ 46.
Kd2 Qb2+ 47. Kd1 Qd4+ 48. Ke2 a5 49. g5 fxg5 50. Qe6 Qe4+ 51. Kf2 Qd5 52. Qe7+
Ka6 53. Qxg7 Qxc5+ 54. Kf3 Qd5+ 0-1